01368 2200589 4500001002100000008004100021035002000062245006700082100001600149260004200165300002600207020002200233084001700255520004300272520002500315082001100340650001100351990001200362990001200374990001200386990001200398990001200410990001200422990001200434990001200446990001200458990001200470990001200482990001200494990001200506990001200518990001200530990001200542990001200554990001200566990001200578990001200590990001200602990001200614990001200626990001200638990001200650990001200662990001300674990001300687990001300700990001300713990001300726990001300739990001300752990001300765INLIS000000000015753 ind  a0010-0323000201 a4 Kata AjaibbPermisicYoli Hemdi; penyunting, Aprilia Wirahma aYOLI, Hemdi aJakarta :bBhuana Ilmu Populer,c2019 a36 hal.: ilus.c20 cm a978-602-483-239-1 a297.51 YOL e aDisertai Kisah Zaman Nabi Muhammad SAW aBibliografi : hal.36 a297.51 aAKHLAK a10549 a a10549 b a10549 c a10549 d a10549 e a10549 f a10549 g a10549 h a10549 i a10549 j a10549 k a10549 l a10549 m a10549 n a10549 o a10549 p a10549 q a10549 r a10549 s a10549 t a10549 u a10549 v a10549 w a10549 x a10549 y a10549 z a10549 aa a10549 ab a10549 ac a10549 ad a10549 ae a10549 af a10549 ag a10549 ah